000 00835nam a2200205 a 4500
008 060316s1972 ||||||||||||||||| || u
020 _a0538161302
050 _aHF 5549 Chr
100 _aChruden, Herbert J
245 1 0 _aPersonnel management. (4th ed.)
250 _a4th ed.
260 _aCincinnati :
_bSouth-western Pub. Co
_c1972
300 _aviii, 743 p. illus
350 _a0.00
500 _aIncludes bibliographies.
650 0 _aPERSONNEL MANAGEMENT
700 _aSherman, Arthur W
995 _aMAIN LIBRARY OPEN ACCESS
_D0.00
_e703584
_FCBU-MAIN LIBRARY (Kitwe)
_H1
_I0.00
_jHF 5549 Chr
_M2
_UAVAILABLE
_WJul 21, 2006
_y024094
_ZMain Library Open Access Collection
995 _aMAIN LIBRARY OPEN ACCESS
_D0.00
_e729347
_FCBU-MAIN LIBRARY (Kitwe)
_H1
_I13.85
_jHF 5549 Chr
_M1
_UAVAILABLE
_y021390
_ZMain Library Open Access Collection
999 _c81824
_d81824